000 00889pam a2200277 a 4500
001 711070
003 0
005 20170201144247.0
008 971022s1999 njua b 001 0 eng
020 _a9780132723862
040 _cSPU
050 0 0 _aLB 1775
_b.W18 1999
100 1 _aWaldron, Peter W.
245 1 0 _aTelling stories about school :
_ban invitation-- /
_cPeter W. Waldron, Tani R. Collie, Calvin M.W. Davies.
260 _aUpper Saddle River, N.J. :
_bMerrill,
_cc1999.
300 _axiv, 152 p. :
_bill. ;
_c24 cm.
504 _aIncludes bibliographical references and index.
650 0 _aTeachers
_xCase studies.
650 0 _aTeachers
_xProblems, exercises, etc.
650 0 _aEducation
_xCase studies.
650 0 _aEducation
_xProblems, exercises, etc.
650 0 _aStorytelling.
700 1 _aCollie, Tani R.
700 1 _aDavies, Calvin M. W.
942 _2lcc
_cBK
999 _c48373
_d48373